000 00660nam a2200289Ia 4500
005 20260324145929.0
008 008 260324s9999 xx 000 0 eng d
020 _a9781315030302
037 _aEBOOK
040 _aCRL
040 _beng
040 _cCRL
041 _2eng
041 _aeng
084 _qCRL
100 _aVictor E. Neuburg
_91224687
245 0 _aPopular Literature
245 2 _bA History and Guide
260 _bTaylor and Francis
260 _c1977
365 _a
365 _b230
856 _uhttp://www.taylorfrancis.com/books/9781315030302
942 _cEBOOK
999 _c1833288
_d1833288